Countries Madonna has visited - Statistics

General Stats
  • This quiz has been taken 199 times
    46 since last reset
  • The average score is 39 of 46
Answer Stats
Continent Country % Correct
Europe Spain
100%
South America Argentina
97%
Oceania Australia
97%
North America Canada
97%
Asia China
97%
Europe Greece
97%
Asia Japan
97%
North America Mexico
97%
Europe Portugal
97%
Asia/ Europe Russia
97%
Europe Switzerland
97%
Europe United Kingdom
97%
South America Brazil
94%
South America Colombia
94%
Europe Finland
94%
Europe France
94%
Europe Ireland
94%
Europe Italy
94%
Oceania New Zealand
94%
Europe Norway
94%
Europe Sweden
94%
Asia/ Europe Turkey
94%
Europe Austria
91%
South America Chile
91%
Europe Germany
91%
Europe Belgium
88%
Europe Denmark
84%
North America United States of America
84%
Europe Hungary
81%
Africa Morocco
81%
Europe Poland
81%
Europe the Netherlands
81%
Europe Czech Republic
78%
Asia Thailand
75%
Europe Ukraine
75%
Europe Bulgaria
72%
Europe Estonia
72%
Asia United Arab Emirates
72%
Asia Israel
69%
Europe Romania
69%
Asia Singapore
66%
Asia Taiwan
66%
Europe Serbia
63%
Asia the Philippines
63%
Europe Montenegro
53%
Africa Malawi
47%
No matching quizzes found
Score Distribution
Percent of People with Each Score
Percentile by Number Answered
Your Score History
You have not taken this quiz since the last reset